On the evaluation of poly-t density functions (Registro nro. 26182)
[ vista simple ]
| 000 -LEADER | |
|---|---|
| fixed length control field | 00357 a2200121 4500 |
| 001 - CONTROL NUMBER | |
| control field | ART_12200 |
| 005 - DATE AND TIME OF LATEST TRANSACTION | |
| control field | 20260410161904.0 |
| 008 - FIXED-LENGTH DATA ELEMENTS--GENERAL INFORMATION | |
| fixed length control field | 260409a |
| 100 1# - MAIN ENTRY--PERSONAL NAME | |
| Personal name | Richard, J.F. |
| 245 10 - TITLE STATEMENT | |
| Title | On the evaluation of poly-t density functions |
| 700 1# - ADDED ENTRY--PERSONAL NAME | |
| Personal name | Tompa, H. |
| 773 0# - HOST ITEM ENTRY | |
| Title | Journal of econometrics |
| Related parts | - Vol. 12, Nº 3 (abr. 1980) |
| Record control number | REV11720 |
No hay ítems disponibles.